000 00184 a2200097 4500
020 _a9780956932303
041 _aeng
100 _aKaren Inglis
245 _aThe Secret Lake
942 _cK
999 _c26216
_d26216